Vplyv prijatia IFRS na zníženie rizika priamych zahraničných investícií vo vybraných rozvojových krajinách

Prezentácia výsledkov parciálneho výskumu zameraného na vplyv globalizácie účtovných štandardov na toky PZI naprieč svetovou ekonomikou. Praktický výstup skúmania ekonomických dôsledkov globalizácie účtovníctva, ktorej reprezentantom je postupné celosvetové uplatnenie IFRS.

Salvato in:
Dettagli Bibliografici
Autore principale: Bagiová, Alexandra, 1994-
Altri autori: Palijová, Nikoleta, 1995-
Natura: Capitolo di libro
Lingua:slovacco
Soggetti:
Tags: Aggiungi Tag
Nessun Tag, puoi essere il primo ad aggiungerne!!

MARC

LEADER 00000naa$a2200000$$$4500
001 0260590
005 20240502074128.7
041 0 |a slo 
044 |a SK 
245 1 0 |a Vplyv prijatia IFRS na zníženie rizika priamych zahraničných investícií vo vybraných rozvojových krajinách  |c Alexandra Bagiová, Nikoleta Palijová 
520 |a Prezentácia výsledkov parciálneho výskumu zameraného na vplyv globalizácie účtovných štandardov na toky PZI naprieč svetovou ekonomikou. Praktický výstup skúmania ekonomických dôsledkov globalizácie účtovníctva, ktorej reprezentantom je postupné celosvetové uplatnenie IFRS. 
610 2 0 |a IFRS 
610 2 0 |a štandardy účtovné medzinárodné 
610 2 0 |a investície priame zahraničné 
610 2 0 |a riziko 
610 2 0 |a globalizácia 
610 2 0 |a krajiny rozvojové 
100 1 |a Bagiová, Alexandra, 1994- 
700 1 |a Palijová, Nikoleta, 1995-